| 000 | 01332nam0a2200325 4500 | ||
|---|---|---|---|
| 001 | RU\NLR\bibl\62846 | ||
| 005 | 20260407065850.0 | ||
| 010 |
_a5-250-02721-0 _95000 |
||
| 021 |
_aRU _b99-40844 _92018 |
||
| 035 | _a(NLR Aleph) 000061320 | ||
| 090 |
_a334136 _c334136 |
||
| 100 | _a19991209d1999 |||y0rusy50 ca | ||
| 101 | 0 | _arus | |
| 102 | _aRU | ||
| 105 | _aa ||||||||| | ||
| 200 | 1 |
_aНевыдуманные рассказы _fВ. Вересаев _g[Сост., вступ. ст. и коммент. Ю. Фохт-Бабушкина] |
|
| 210 |
_aМ. _cРеспублика _d1999 |
||
| 215 |
_a446, [1] с., [1] л. портр. _d21 |
||
| 320 | _aБиблиогр. в коммент. в конце кн. | ||
| 327 | 1 | _aСодерж. разд.: Невыдуманные рассказы о прошлом; Записи для себя | |
| 686 | _aШ6(2=Р)7-4 | ||
| 700 | 1 |
_4070 _8rus _7ca _aВересаев _bВ. В. _f1867-1945 _gВикентий Викентьевич _3RU\NLR\auth\7716763 _9126397 |
|
| 702 | 1 |
_4220 _8rus _7ca _aФохт-Бабушкин _bЮ. У. _gЮрий Ульрихович _3RU\NLR\auth\778710 _9118604 |
|
| 801 | 0 |
_aRU _bNLR _c19991209 _gPSBO |
|
| 801 | 1 |
_aRU _bNLR _c19991209 |
|
| 852 |
_aNLR _j99-3/15755 |
||
| 942 | _cBOOK | ||
| 980 | _aNB | ||